000 01903nam a2200301 a 4500
005 20120104165455.0
010 _aB-477190-196
020 _a9788170703129
_c80.00
035 _aB-477190-196
037 _bBlue Berry/Ven
082 _aS
100 _aBond, Ruskin
_952325
245 _aTigers forever:
_cby Ruskin Bond; illustrated by Tapas Guha
_bpoems and stories /
260 _aNew Delhi
_bRatna Sagar
_c1996
270 _a4808/24, Bharat Ram Road, Daryaganj,
_bNew Delhi
_e110002
300 _a71p. ;
_c23cm(pbk)
_bill.
700 _a Guha, Tapas
_938260
856 _3Table of contents
_uhttp://www.loc.gov/catdir/toc/ecip0516/2005020735.html
942 _2ddc
_cEN
_mBON
_hS
999 _c60304
_d60304